[Event "Joacaba op 2nd"]
[Site "Joacaba"]
[Date "2023.07.01"]
[Round "4"]
[White "Capinam, Savio da Silva"]
[Black "Emmerich, Maria Isabel"]
[Result "1-0"]
[WhiteElo "1800"]
[BlackElo "1658"]
[PlyCount "53"]
[EventDate "2023.06.30"]
[EventType "swiss"]
[EventRounds "6"]
[EventCountry "BRA"]
[SourceTitle "CBM 215 Extra"]
[Source "ChessBase"]
[SourceDate "2023.09.30"]
[SourceVersion "1"]
[SourceVersionDate "2023.09.30"]
[SourceQuality "1"]

1. d4 d5 2. e3 Nc6 3. c3 Nf6 4. Bd3 Bg4 5. Nf3 e6 6. Nbd2 Bd6 7. 0-0 0-0 8. b3 Bxf3 9. Nxf3 e5 10. dxe5 Bxe5 11. Nxe5 Nxe5 12. Bc2 Re8 13. Bb2 h6 14. Qe2 Nfg4 15. h3 Nf6 16. Rad1 Ne4 17. Bxe4 Nd7 18. Bb1 Re6 19. Qd3 g6 20. c4 dxc4 21. Qxd7 Qxd7 22. Rxd7 cxb3 23. axb3 Rc8 24. Rfd1 h5 25. Rd8+ Rxd8 26. Rxd8+ Kh7 27. Rh8# 1-0